Fallout: New Vegas Quests - Statistics

General Stats
  • This quiz has been taken 33 times
  • The average score is 20 of 104
Answer Stats
Given by Answer % Correct
Doc Mitchell Ain't That a Kick in the Head
62%
Mr. House The House Always Wins I
62%
Manny Vargas, Jason Bright, No-bark Noonan Come Fly With Me
54%
Mr. House The House Always Wins II
54%
Mr. House The House Always Wins III
54%
Mr. House The House Always Wins IV
54%
Trudy Ghost Town Gunfight
50%
Mr. House The House Always Wins V
50%
Pearl Volare!
50%
Mr. House The House Always Wins VI
46%
Mr. House The House Always Wins VII
46%
Mr. House The House Always Wins VIII
46%
The King G.I. Blues
42%
Neil Crazy, Crazy, Crazy
38%
NCR Don't Tread on the Bear!
38%
Fantastic, Lt. Haggerty That Lucky Old Sun
35%
Doc Mitchell They Went That-a-Way
35%
ED-E ED-E My Love
31%
Arcade Gannon For Auld Lang Syne
31%
Veronica Santangelo I Could Make You Care
31%
Craig Boone I Forgot to Remember to Forget
31%
Reyes Return to Sender
31%
Joe Cobb Run Goodsprings RUn
31%
Major Dhatri Three-Card Bounty
31%
Yes Man Wild Card: Side Bets
31%
Mortimer, Heck Gunderson Beyond the Beef
27%
Rose of Sharon Cassidy Heartache by the Number
27%
Yes Man No Gods, No Masters
27%
Craig Boone One for My Baby
27%
Jessup Ring-a-Ding-Ding!
27%
Tommy Torini Talent Pool
27%
Festus The Legend of the Star
27%
Dennis Crocker Things That Go Boom
27%
Yes Man Wild Card: Change in Management
27%
Caesar (or Lucius) Arizona Killer
23%
Boxcars Booted
23%
Eddie I Fought the Law
23%
Raquel Ant Misbehavin'
19%
Sunny Smiles Back in the Saddle
19%
Caesar's Legion Beware the Wrath of Caesar!
19%
Ranger Jackson Can You Find it in Your Heart?
19%
Caesar Et Tumor, Brute?
19%
General Lee Oliver Eureka!
19%
Colonel Moore For the Republic, Part 2
19%
The King Nothing But a Hound Dog
19%
Major Polatli, Quartermaster Mayes Restoring Hope
19%
Elder McNamara Still in the Dark
19%
Yes Man Wild Card: Ace in the Hole
19%
Gloria Van Graff, Jean-Baptiste Cutting Birds of a Feather
15%
Vulpes Inculta Cold, Cold Heart
15%
Elder McNamara Eyesight to the Blind
15%
Dead Sea We Are Legion
15%
Logan Wheel of Fortune
15%
Yes Man, Mr. House, Ranger Grant You'll Know It When It Happens
15%
Mr. House All or Nothing
12%
Red Lucy Bleed me Dry
12%
Lieutenant Monroe Boulder City Showdown
12%
Sunny Smiles By a Campfire on the Trail
12%
Cachino, Joana How Little We Know
12%
Colonel Hsu, Vulpes Inculta I Put a Spell on You
12%
Beagle, Johnson Nash My Kind of Town
12%
Captail Gilles No, Not Much
12%
Regis Oh My Papa
12%
Walter Phebus Pheeble Will
12%
Captain Parker The Coyotes
12%
Lieutenant Carrie Boyd The White Wash
12%
Philip Lem, Samuel Cooke Why Can't We Be Friends?
12%
Diane Aba Daba Honeymoon
8%
Captain Gilles Climb Ev'ry Mountain
8%
Francine Garret Debt Collector
8%
Melissa Don't Make a Beggar of Me
8%
Astor Eye for an Eye
8%
Doctor Henry Guess Who I Saw Today
8%
Morgan Blake Hard Luck Blues
8%
Julie Farkas High Times
8%
Lieutenant Gorobets I Don't Hurt Anymore
8%
Dennis Crocker King's Gambit
8%
Caesar Render Under Caesar
8%
Loyal Sunshine Boogie
8%
Emily Ortal The Moon Comes Over The Tower
8%
Thomas Hildern There Stands the Grass
8%
Marcus Unfriendly Persuasion
8%
Yes Man Wild Card: Finishing Touches
8%
Yes Man Wild Card: You and What Army?
8%
Alice McLafferty You Can Depend On Me
8%
Private Renolds Anywhere I Wander
4%
Festus A Valuable Lesson
4%
Ranger Milo Back in Your Own Backyard
4%
Lieutenant Markland Bitter Springs Infirmary Blues
4%
Joana Bye Bye Love
4%
Michael Angelo Classic Inspiration
4%
Jerry the Punk Cry Me a River
4%
Lucius I Hear you Knocking
4%
Mrs. Weathers, Frank Weathers Left My Heart
4%
Alice McLafferty Pressing Matters
4%
Crandon Someone to Watch Over Me
4%
Head Paladin Hardin Tend to Your Business
4%
Vulpes Inculta The Finger of Suspicion
4%
James Garret Wang Dan Atomic Tango
4%
Sgt. McCredie Flags or Our Foul-Ups
0%
Ranger Ghost Keep Your Eyes on the Price
0%
Dr. Richards Medical Mystery
0%
Legate Lanius Veni, Vidi, Vidi
0%
Astir We Will Go Together
0%
No matching quizzes found
Score Distribution
Percent of People with Each Score
Percentile by Number Answered
Your Score History
You have not taken this quiz